| 000 | 00657nam a22001937a 4500 | ||
|---|---|---|---|
| 005 | 20240215123514.0 | ||
| 010 | _aENG-139257 | ||
| 020 |
_c420.00 _a9788119847624 |
||
| 035 | _aEN-122789 | ||
| 037 | _bDBAD/PUB | ||
| 082 |
_a540 _212 |
||
| 245 | _aPearson IIT Foundation Chemistry/ | ||
| 250 | _a12 | ||
| 260 |
_aUttar Pradesh _bPearson India Education Pvt Ltd _c2023 |
||
| 270 |
_bUttar Pradesh _a15th FLoor, Tower-B, World Trade Tower, Plot No.1, Block- C, Sector-16, Noida _e201301 |
||
| 300 |
_avpp. _c28cm(pb) _bIndex |
||
| 500 | _aAs Per CBSE,ICSE and State Curriculam Guidelines for Class 9th | ||
| 942 |
_2ddc _cEN _h540 _mIIT _e12 |
||
| 999 |
_c200774 _d200774 |
||